| 000 | 00953nam a22002295i 4500 | ||
|---|---|---|---|
| 001 | 165289 | ||
| 003 | ES-MaACL | ||
| 005 | 20250902215905.0 | ||
| 008 | 050906s1839 be | |||||||| ||fre d | ||
| 040 |
_aCAM _bspa _cCAM |
||
| 100 | 1 |
_aSganzin, J. _9132700 |
|
| 245 | 1 | 0 |
_aProgramme ou résumé des leçons d'un cours de construction, avec des applications tirées principalement de L'art de l'ingénieur des ponts et chaussées ... / _cpar J. Sganzin. |
| 250 | _aNouvelle éd. avec notes et additions. | ||
| 260 |
_aBruxelles : _bSociété Belge de Librairie, etc., _c1839 ( _fImprimerie de P. Mary) |
||
| 300 |
_aVI, 312 p., 7 h. de lám. pleg. ; _c23 cm. |
||
| 650 | 7 |
_aIngeniería civil _2embne _913771 |
|
| 700 | 1 |
_aMary, P., _eimp. _9129669 |
|
| 710 | 2 |
_aSociété Belge de Librairie, _eed. _9134935 |
|
| 752 |
_aBélgica - _dBruselas |
||
| 852 |
_aES-MaACL _jG-11439 _z-- Enc. hol., conservando la cub. original |
||
| 999 |
_c165289 _d165289 |
||